Valuation tables for the use of surveyors, valuers, land agents, auctioneers..., also for the use of valuers of commercial undertakings (Record no. 86612)

MARC details
000 -LEADER
fixed length control field 00549cam a2200193 4500
001 - CONTROL NUMBER
control field D7758
008 - FIXED-LENGTH DATA ELEMENTS--GENERAL INFORMATION
fixed length control field 090401t1928 xxu||||| |||| 00| 0 eng d
035 ## - SYSTEM CONTROL NUMBER
System control number (Sirsi) u9179
041 ## - LANGUAGE CODE
Language code of text/sound track or separate title eng
050 ## - LIBRARY OF CONGRESS CALL NUMBER
Classification number 333.3320212
100 ## - MAIN ENTRY--PERSONAL NAME
Personal name Parry, Richard
245 ## - TITLE STATEMENT
Title Valuation tables for the use of surveyors, valuers, land agents, auctioneers..., also for the use of valuers of commercial undertakings
250 ## - EDITION STATEMENT
Edition statement 3rd
260 ## - PUBLICATION, DISTRIBUTION, ETC.
Place of publication, distribution, etc. London
Name of publisher, distributor, etc. Estates Gazette
Date of publication, distribution, etc. 1928
300 ## - PHYSICAL DESCRIPTION
Extent viii. 257p. 22cm
350 ## - PRICE (NR) (BK AM CF MU VM SE) [OBSOLETE]
Price 0
942 ## - ADDED ENTRY ELEMENTS (KOHA)
Suppress in OPAC 0
948 ## - LOCAL PROCESSING INFORMATION (OCLC); SERIES PART DESIGNATOR (RLIN)
c (OCLC) 04/03/1997
Holdings
Withdrawn status Lost status Source of classification or shelving scheme Damaged status Not for loan Home library Current library Shelving location Date acquired Total Checkouts Full call number Barcode Date last seen Copy number Price effective from Koha item type
    Dewey Decimal Classification     London London Basement 14/09/1999   SHELF 133 30008771 06/08/2019 1 06/08/2019 Book